Bieloruský veľvyslanec vo Svite

Bibliographic Details
Format: Article
Language:Slovak
PhysicalDescription:Fotogr.
ISSN:1339-6498
Subjects:

MARC

LEADER 00000nab a2200000 ar4500
001 vtls011353277
003 SK-MaSNL
005 20260304040407.0
008 151120c2015 xo wr|p|||||||000 b|slo
038 |a PPPK 
040 |a PPPKCL  |b slo  |c PPPKCL  |e AACR2 
041 0 |a slo 
044 |a xo  |c SK 
080 |a 341.71  |x (476)  |2 2001 
245 0 0 |a Bieloruský veľvyslanec vo Svite  |c [Text a foto] (isa) 
300 |b Fotogr. 
600 1 7 |a Serpikov, Vladimír  |2 pppkcl  |9 1321256 
650 0 7 |a veľvyslanci  |2 pppkcl  |9 4408 
650 0 7 |a pracovné návštevy  |2 pppkcl  |9 69996 
651 7 |a Svit (Slovensko)  |2 pppkcl  |9 29648 
651 7 |a Poprad (Slovensko : okres)  |2 pppkcl  |9 28675 
651 7 |a Bielorusko  |2 pppkcl  |9 29235 
773 0 |t Naše novinky Poprad : spravodajský dvojtýždenník  |g Roč. II, č. 22 (2015), s. 4  |x 1339-6498 
852 |a PPPK  |b KIS3GCP 
999 |c 2663016  |d 2664946